Normal view
MARC view
- Unsworth,U.A
Entry Personal Name
001 - CONTROL NUMBER
- control field: 961
003 - CONTROL NUMBER IDENTIFIER
- control field: OSt
005 - DATE AND TIME OF LATEST TRANSACTION
- control field: 20160716113946.0
008 - FIXED-LENGTH DATA ELEMENTS
- fixed length control field: 160716|| aca||aabn | a|a d
040 ## - CATALOGING SOURCE
- Original cataloging agency: OSt
- Transcribing agency: OSt
100 ## - HEADING--PERSONAL NAME
- Personal name: Unsworth,U.A
670 ## - SOURCE DATA FOUND
- Source citation: Work cat.: (OSt): Monteith,John L. 960, Principles of Enviromental Physics: Plants,Animals, and the Atmosphere, 2013
